000 00591cam a22002411 4500
001 sa 65002420
003 DLC
005 20260227112116.0
008 940930s1963 ii a b 000 0 beno
010 _asa 65002420
025 _aPL480:I-B-1593
035 _a(OCoLC)31205791
040 _aDLC
_cCU
_dCU
_dDLC
042 _apremarc
050 0 0 _aHQ56
_b.R34 1963
100 1 _aRana, Madan.
245 1 0 _aYauna prasaá¹…ge.
260 _c[1963]
300 _a16, 463 p.
_billus.
_c23 cm.
500 _aIn Bengali.
504 _aBibliography: p. 427-430.
650 0 _aSex instruction.
999 _c62619
_d62619